| 000 | 02162nam a22001817a 4500 | ||
|---|---|---|---|
| 005 | 20251202151458.0 | ||
| 020 | _a978-8173666025 | ||
| 082 | _a005.133(J) SIE | ||
| 100 |
_aKathy Sierra _91169 |
||
| 100 |
_aBert Bates _91170 |
||
| 245 | _aHead First Java: A Brain-Friendly Guide_2nd Edition | ||
| 250 | _a2 | ||
| 260 |
_aShroff _bMumbai _c2021 |
||
| 300 |
_a742 Pages _bItem Weight : 500 g Dimensions : 20 x 14 x 4 cm |
||
| 520 | _aComputer programming language Java is not easy to understand. It takes lot of time and practice to understand the complex programming language. But this book takes an interactive and fun approach for better understanding of different fundamentals of Java. The book offers multi-sensory and fun learning experience for new programmers, so they can easily pick up the new language. Human brain responds and remembers unusual situations, images or incidents. Keeping that in mind, this revised second edition of the book has been presented with lots of humorous images, memorable analogies and mind-bending exercises. The language in which the book is written is also casual for better understanding of the difficult computer programming language. Although it follows a causal approach, the book refers to some serious computer-related information that encourages readers to learn and think like professional Java programmers. The book focuses on Java 5.0, the latest version of the Java development platform, along with certain deep code-levels. From basic programming fundamentals to advanced topics, including threads, distributed programming with RMI and network sockets, the book covers almost all major Java concepts. To make the learning and remembering tasks easier, the book comes with numerous puzzles, striking visuals, mysterious problems and certain soul-searching interviews to make the computer programming more engaging and playful. For new programmers and those who want to brush up their programming knowledge, this book may be a good companion. With this easy-to-understand book, learning complex computer language shall no more be a difficult task. | ||
| 650 |
_aCSE _914 |
||
| 942 | _cBK | ||
| 999 |
_c38079 _d38079 |
||